[Event "July TNT"]
[Site "Winnipeg CAN"]
[Date "2002.07.09"]
[Round "2"]
[White "Milord, Frank"]
[Black "Greenberg, Harley"]
[Result "1/2-1/2"]
[WhiteElo "1683"]
[BlackElo "1770"]
[PlyCount "59"]
[EventDate "2002.07.02"]
[EventType "swiss"]
[EventRounds "4"]
[EventCountry "CAN"]

1. e4 c5 2. Nf3 Nc6 3. d4 cxd4 4. Nxd4 Nf6 5. Nc3 e5 6. Ndb5 d6 7. Bg5 a6 8.
Na3 b5 9. Nd5 Be7 10. Bxf6 Bxf6 11. c3 Bb7 12. Nc2 Bg5 13. Nce3 Bxe3 14. Nxe3
Ne7 15. Nd5 O-O 16. g3 f5 17. Bg2 Nxd5 18. exd5 Qg5 19. Qe2 Rae8 20. O-O e4 21.
f4 Qg6 22. Rad1 Qf7 23. Rd4 Bxd5 24. Rfd1 Bc4 25. Qe3 Bd3 26. Rxd6 Qxa2 27.
Qxd3 exd3 28. Bd5+ Qxd5 29. Rxd5 Re2 30. b4 1/2-1/2

[Event "July TNT"]
[Site "Winnipeg CAN"]
[Date "2002.07.09"]
[Round "2"]
[White "Nikouline, Alexandre"]
[Black "Proulx, Roy"]
[Result "1-0"]
[WhiteElo "2112"]
[BlackElo "1723"]
[PlyCount "45"]
[EventDate "2002.07.02"]
[EventType "swiss"]
[EventRounds "4"]
[EventCountry "CAN"]

1. e4 e6 2. d4 d5 3. e5 c5 4. c3 Nc6 5. Be3 Bd7 6. Nf3 Qb6 7. Qd2 Rc8 8. Bd3
Na5 9. dxc5 Bxc5 10. Bxc5 Rxc5 11. b4 Rc8 12. bxa5 Qxa5 13. O-O Ne7 14. Qe2 Bc6
15. Ng5 h6 16. Qh5 g6 17. Qh4 Nf5 18. Bxf5 gxf5 19. Nxf7 Rg8 20. Nd6+ Kd7 21.
Nxc8 d4 22. Qe7+ Kxc8 23. Qxe6+ 1-0

[Event "July TNT"]
[Site "Winnipeg CAN"]
[Date "2002.07.09"]
[Round "2"]
[White "Rutter, Blair"]
[Black "Cleto, Sam"]
[Result "0-1"]
[WhiteElo "1604"]
[BlackElo "1803"]
[PlyCount "62"]
[EventDate "2002.07.02"]
[EventType "swiss"]
[EventRounds "4"]
[EventCountry "CAN"]

1. d4 Nf6 2. c4 c5 3. d5 e6 4. dxe6 dxe6 5. Qxd8+ Kxd8 6. Nf3 Bd6 7. Nc3 Nc6 8.
a3 Ke7 9. g3 Na5 10. e4 Nd7 11. Be2 Nb3 12. Rb1 Ne5 13. Be3 a6 14. O-O Nxf3+
15. Bxf3 Nd4 16. Bg2 Rb8 17. Rfd1 Nc2 18. Bc1 b5 19. cxb5 axb5 20. Ne2 e5 21.
f4 Bg4 22. Rd2 Nd4 23. Nxd4 cxd4 24. f5 b4 25. h3 bxa3 26. hxg4 Bb4 27. Rf2 d3
28. Bd2 Bc5 29. b4 Bd4 30. Bc3 Bxc3 31. Rf3 a2 0-1

[Event "July TNT"]
[Site "Winnipeg CAN"]
[Date "2002.07.09"]
[Round "2"]
[White "Semenko, Rita"]
[Black "Weijs, Harry"]
[Result "0-1"]
[WhiteElo "1191"]
[BlackElo "1532"]
[PlyCount "71"]
[EventDate "2002.07.02"]
[EventType "swiss"]
[EventRounds "4"]
[EventCountry "CAN"]

1. d4 f5 2. Nf3 Nf6 3. Nc3 e6 4. g3 d5 5. Bg2 c6 6. O-O Bd6 7. Bg5 O-O 8. e3
Qc7 9. Nh4 Nbd7 10. Bf4 Ne4 11. Bxd6 Qxd6 12. Ne2 Ndf6 13. f3 Ng5 14. f4 Nge4
15. Nc3 Nxc3 16. bxc3 Qa3 17. Qd3 b5 18. Rfb1 a5 19. Nf3 Qd6 20. a4 Ba6 21. Qd2
bxa4 22. Rxa4 Bb5 23. Ra2 a4 24. Bf1 Ne4 25. Qe1 Bxf1 26. Qxf1 Nxc3 27. Rab2
Nxb1 28. Rxb1 Rfb8 29. Rc1 a3 30. Ra1 Rb2 31. c3 a2 32. Ne5 Rab8 33. Nd3 Rb1
34. Rxa2 Rxf1+ 35. Kxf1 Qc7 36. Kf2 0-1

[Event "July TNT"]
[Site "Winnipeg CAN"]
[Date "2002.07.09"]
[Round "2"]
[White "Shome, Devarshi"]
[Black "Anderson, George"]
[Result "0-1"]
[WhiteElo "1534"]
[BlackElo "1429"]
[PlyCount "74"]
[EventDate "2002.07.02"]
[EventType "swiss"]
[EventRounds "4"]
[EventCountry "CAN"]

1. e4 e6 2. d4 d5 3. e5 c5 4. c3 Bd7 5. Nf3 Qb6 6. Bd3 Bb5 7. Bc2 Nc6 8. Be3
Rc8 9. dxc5 Bxc5 10. Bxc5 Qxc5 11. a4 Ba6 12. Na3 Nge7 13. Qd2 Nd8 14. b4 Qxc3
15. b5 Qxa1+ 16. Nb1 Bxb5 17. axb5 Qb2 18. Nd4 Nf5 19. Bxf5 Rc1+ 20. Ke2 Qxd2+
21. Kxd2 Rxh1 22. Bc2 Rxh2 23. Ba4 b6 24. Nc6 Nxc6 25. bxc6 Kd8 26. Nc3 a6 27.
Kd3 Rxg2 28. f4 h5 29. f5 h4 30. Nxd5 exd5 31. Kd4 Kc8 32. Kxd5 h3 33. e6 fxe6+
34. Kd6 h2 35. Bd1 h1=Q 36. Bf3 Qd1+ 37. Ke7 Qd8+ 0-1

[Event "July TNT"]
[Site "Winnipeg CAN"]
[Date "2002.07.16"]
[Round "3"]
[White "Anderson, George"]
[Black "Wasney, Mark"]
[Result "0-1"]
[WhiteElo "1429"]
[BlackElo "1785"]
[PlyCount "68"]
[EventDate "2002.07.02"]
[EventType "swiss"]
[EventRounds "4"]
[EventCountry "CAN"]

1. c4 Nf6 2. b3 c5 3. Bb2 e6 4. Nf3 Nc6 5. Nc3 Be7 6. e3 O-O 7. Bd3 d5 8. O-O
d4 9. Ne4 Nb4 10. Nxf6+ Bxf6 11. Be4 e5 12. a3 Nc6 13. Qc2 g6 14. Rad1 Bg7 15.
Bd5 Bg4 16. Qe4 Bd7 17. d3 Bf6 18. Nd2 Bf5 19. Qf3 Bxd3 20. Rfe1 Rc8 21. e4 Bc2
22. Rc1 d3 23. Bc3 Bg5 24. h3 a6 25. Ra1 Kg7 26. Qg4 h5 27. Qf3 Qe7 28. Qg3 f6
29. Nf3 Bf4 30. Qh4 Kh6 31. Bxc6 Rxc6 32. Bd2 g5 33. Nxg5 fxg5 34. Bxf4 exf4
0-1

[Event "July TNT"]
[Site "Winnipeg CAN"]
[Date "2002.07.16"]
[Round "3"]
[White "Cleto, Sam"]
[Black "Vincent, Trevor"]
[Result "1/2-1/2"]
[WhiteElo "1803"]
[BlackElo "1848"]
[PlyCount "54"]
[EventDate "2002.07.02"]
[EventType "swiss"]
[EventRounds "4"]
[EventCountry "CAN"]

1. d4 g6 2. c4 Bg7 3. Nc3 c5 4. d5 d6 5. e4 Nf6 6. h3 O-O 7. Nf3 e6 8. Be2 a6
9. Bg5 h6 10. Be3 e5 11. Qd2 Kh7 12. g4 Bd7 13. a4 Ne8 14. h4 f6 15. Rg1 g5 16.
hxg5 fxg5 17. Rh1 Kg8 18. Nh2 Nf6 19. f3 Be8 20. Nf1 Nbd7 21. Ng3 Bg6 22. Nf5
Bxf5 23. exf5 Qe7 24. Bd3 Rfe8 25. Qh2 e4 26. Bxe4 Ne5 27. Qe2 Nexg4 1/2-1/2

[Event "July TNT"]
[Site "Winnipeg CAN"]
[Date "2002.07.16"]
[Round "3"]
[White "Czypinski, Jaroslaw"]
[Black "Nikouline, Alexandre"]
[Result "0-1"]
[WhiteElo "1935"]
[BlackElo "2112"]
[PlyCount "100"]
[EventDate "2002.07.02"]
[EventType "swiss"]
[EventRounds "4"]
[EventCountry "CAN"]

1. e4 e5 2. Nf3 Nc6 3. Bb5 a6 4. Bxc6 dxc6 5. Nc3 Qd6 6. d4 exd4 7. Qxd4 Bg4 8.
Qxd6 Bxd6 9. Be3 O-O-O 10. Nd4 Bb4 11. f3 Bxc3+ 12. bxc3 Bd7 13. Nb3 b6 14. Kf2
Ne7 15. Rad1 c5 16. Rd2 Be6 17. Rhd1 Rxd2+ 18. Rxd2 Rd8 19. Rxd8+ Kxd8 20. a3
Nc6 21. Nd2 Na7 22. c4 Nc6 23. f4 Na5 24. f5 Bxc4 25. Nxc4 Nxc4 26. Bc1 Kd7 27.
g4 f6 28. h4 b5 29. g5 b4 30. a4 Na3 31. c3 Nc4 32. cxb4 cxb4 33. e5 fxe5 34.
h5 Ke8 35. Kf3 b3 36. Ke4 b2 37. Bxb2 Nxb2 38. Kxe5 Nxa4 39. Kd5 Nb6+ 40. Ke6
Nd7 41. f6 gxf6 42. gxf6 Nxf6 43. Kxf6 a5 44. Ke5 a4 45. Kd4 c5+ 46. Kc3 h6 47.
Kb2 c4 48. Kc2 a3 49. Kc1 c3 50. Kb1 Ke7 0-1

[Event "July TNT"]
[Site "Winnipeg CAN"]
[Date "2002.07.16"]
[Round "3"]
[White "Hogeveen Rutter, Alexander"]
[Black "Arora, Prag"]
[Result "1-0"]
[WhiteElo "1416"]
[BlackElo "1171"]
[PlyCount "107"]
[EventDate "2002.07.02"]
[EventType "swiss"]
[EventRounds "4"]
[EventCountry "CAN"]

1. e4 e5 2. Nf3 d6 3. Nc3 Nf6 4. Bc4 b5 5. Bxb5+ c6 6. Ba4 Be7 7. d4 exd4 8.
Nxd4 O-O 9. Nxc6 Qc7 10. Nxe7+ Qxe7 11. O-O Nxe4 12. Nxe4 Qxe4 13. Qxd6 Qxa4
14. b3 Qa6 15. Ba3 Qxd6 16. Bxd6 Re8 17. Rfe1 Rxe1+ 18. Rxe1 Bd7 19. Re7 Bc6
20. Bxb8 Rxb8 21. Rxa7 Re8 22. f3 h6 23. c4 f5 24. Kf2 Rb8 25. Kg3 g5 26. h4
f4+ 27. Kg4 gxh4 28. Kxf4 Ra8 29. Rxa8+ Bxa8 30. Kg4 h3 31. gxh3 Kg7 32. f4 Kf6
33. Kh5 Kf5 34. Kxh6 Kxf4 35. h4 Bf3 36. b4 Kg3 37. h5 Kh4 38. Kg6 Bxh5+ 39.
Kf5 Bf7 40. c5 Bxa2 41. c6 Bd5 42. c7 Bb7 43. b5 Kg3 44. b6 Kf3 45. Ke6 Ke4 46.
Kd7 Kd5 47. c8=Q Bxc8+ 48. Kxc8 Kc5 49. b7 Kb6 50. b8=Q+ Kc6 51. Qe5 Kb6 52.
Qd5 Ka6 53. Kc7 Ka7 54. Qb7# 1-0

[Event "July TNT"]
[Site "Winnipeg CAN"]
[Date "2002.07.16"]
[Round "3"]
[White "Lange, John"]
[Black "Ford, Dana"]
[Result "1-0"]
[WhiteElo "1387"]
[BlackElo "1235"]
[PlyCount "73"]
[EventDate "2002.07.02"]
[EventType "swiss"]
[EventRounds "4"]
[EventCountry "CAN"]

1. e4 c6 2. d4 d5 3. e5 Bf5 4. h4 h6 5. Nf3 e6 6. Bd3 Bxd3 7. Qxd3 Nd7 8. O-O
Qc7 9. Be3 O-O-O 10. a3 Ne7 11. g4 g6 12. Nbd2 Bg7 13. Rfc1 f6 14. c4 fxe5 15.
dxe5 Nxe5 16. Nxe5 Bxe5 17. Qb3 d4 18. Bxd4 Rxd4 19. Nf3 Rxg4+ 20. Kf1 Bf4 21.
Re1 e5 22. c5 Nf5 23. Qe6+ Qd7 24. Qxd7+ Kxd7 25. Nxe5+ Bxe5 26. Rxe5 Nxh4 27.
Rd1+ Kc7 28. Re7+ Kb8 29. Rdd7 Nf5 30. Rxb7+ Kc8 31. Rec7+ Kd8 32. Rxc6 Ne7 33.
Rb8+ Kd7 34. Rd6+ Kc7 35. Rxh8 h5 36. Rh7 g5 37. Rxe7+ 1-0

[Event "July TNT"]
[Site "Winnipeg CAN"]
[Date "2002.07.16"]
[Round "3"]
[White "Mu, Yuchen"]
[Black "Milord, Frank"]
[Result "1-0"]
[WhiteElo "1847"]
[BlackElo "1683"]
[PlyCount "67"]
[EventDate "2002.07.02"]
[EventType "swiss"]
[EventRounds "4"]
[EventCountry "CAN"]

1. e4 e5 2. f4 Bc5 3. Nf3 d6 4. Nc3 a6 5. Bc4 Nc6 6. d3 Nf6 7. h3 O-O 8. Qe2 b5
9. Bb3 Nd4 10. Nxd4 exd4 11. Nd5 Be6 12. Nxf6+ Qxf6 13. Bxe6 Qh4+ 14. Qf2 Qxf2+
15. Kxf2 fxe6 16. g4 Rf7 17. Kg2 c6 18. Bd2 b4 19. f5 exf5 20. exf5 Re8 21.
Rae1 Rfe7 22. Rxe7 Rxe7 23. Re1 Rxe1 24. Bxe1 d5 25. Bg3 Kf7 26. Kf3 Kf6 27.
Bc7 h6 28. Kf4 Be7 29. Be5+ Kf7 30. Bxd4 Bf6 31. Bxf6 Kxf6 32. d4 g5+ 33. fxg6
Kxg6 34. h4 1-0

[Event "July TNT"]
[Site "Winnipeg CAN"]
[Date "2002.07.16"]
[Round "3"]
[White "Proulx, Roy"]
[Black "Weijs, Harry"]
[Result "1-0"]
[WhiteElo "1723"]
[BlackElo "1532"]
[PlyCount "62"]
[EventDate "2002.07.02"]
[EventType "swiss"]
[EventRounds "4"]
[EventCountry "CAN"]

1. e4 d5 2. d4 dxe4 3. Nc3 Nf6 4. f3 e3 5. Bxe3 c6 6. Bd3 Qc7 7. Nge2 e5 8. O-O
Bd6 9. dxe5 Bxe5 10. f4 Bxc3 11. Nxc3 Bg4 12. Qe1 O-O 13. Qg3 Nbd7 14. h3 Be6
15. Qg5 h6 16. Qh4 Nd5 17. Bd2 Qb6+ 18. Kh1 Ne3 19. Rf3 Nf5 20. Bxf5 Bxf5 21.
g4 Qd4 22. Be3 Qb4 23. gxf5 Qxb2 24. Rd1 Qxc3 25. Rxd7 Rae8 26. Qg3 Qa1+ 27.
Kg2 Rd8 28. Bd4 Qxd4 29. Rxd4 Rxd4 30. f6 Rd2+ 31. Kf1 g6 1-0

[Event "July TNT"]
[Site "Winnipeg CAN"]
[Date "2002.07.16"]
[Round "3"]
[White "Schulz, Waldemar"]
[Black "Rutter, Blair"]
[Result "1-0"]
[WhiteElo "2086"]
[BlackElo "1604"]
[PlyCount "61"]
[EventDate "2002.07.02"]
[EventType "swiss"]
[EventRounds "4"]
[EventCountry "CAN"]

1. d4 d5 2. c4 c6 3. Nc3 Nf6 4. Nf3 Bg4 5. Ne5 Bh5 6. g3 e6 7. Bg2 Bd6 8. O-O
Bxe5 9. dxe5 Ng4 10. cxd5 cxd5 11. Bf3 g6 12. Bxg4 Bxg4 13. Qa4+ Nc6 14. Qxg4
Nxe5 15. Qd4 Qf6 16. Qa4+ Nc6 17. Qf4 Qe7 18. Bd2 h5 19. Qg5 Qd7 20. Qf6 Rh7
21. Bf4 Ne7 22. Bg5 a6 23. Rfd1 Nc6 24. Ne4 Qc7 25. Nc5 b6 26. Nxe6 fxe6 27.
Qxe6+ Kf8 28. Rac1 Rc8 29. Qf6+ Kg8 30. Qxg6+ Kf8 31. Bh6+ 1-0

[Event "July TNT"]
[Site "Winnipeg CAN"]
[Date "2002.07.16"]
[Round "3"]
[White "Tetrault, Claude"]
[Black "Greenberg, Harley"]
[Result "0-1"]
[WhiteElo "1584"]
[BlackElo "1770"]
[PlyCount "68"]
[EventDate "2002.07.02"]
[EventType "swiss"]
[EventRounds "4"]
[EventCountry "CAN"]

1. d4 Nf6 2. Nf3 g6 3. c4 Bg7 4. Nc3 O-O 5. Bg5 d6 6. e4 c5 7. d5 Qa5 8. Bd2 e6
9. Bd3 e5 10. O-O Nh5 11. Nh4 Qd8 12. Nf3 a6 13. h3 Qe8 14. Bc2 f5 15. exf5
gxf5 16. Re1 Nd7 17. Qb1 e4 18. Qc1 Ne5 19. Nxe5 Bxe5 20. Ne2 b5 21. Bh6 Rf6
22. Bf4 bxc4 23. Bxe5 Qxe5 24. Nc3 Rg6 25. Bd1 Nf4 26. Bf3 Nd3 27. Qd2 Nxe1 28.
Rxe1 Qg7 29. Qc2 Bd7 30. Bd1 Rxg2+ 31. Kh1 e3 32. Rf1 exf2 33. Rxf2 Rg1+ 34.
Kh2 Qg3# 0-1

[Event "July TNT"]
[Site "Winnipeg CAN"]
[Date "2002.07.23"]
[Round "4"]
[White "Greenberg, Harley"]
[Black "Cleto, Sam"]
[Result "1-0"]
[WhiteElo "1770"]
[BlackElo "1803"]
[PlyCount "133"]
[EventDate "2002.07.02"]
[EventType "swiss"]
[EventRounds "4"]
[EventCountry "CAN"]

1. d4 Nf6 2. c4 g6 3. Nc3 Bg7 4. Nf3 O-O 5. e4 d6 6. Be2 e5 7. O-O Nc6 8. d5
Ne7 9. b4 a6 10. a4 Bg4 11. Be3 Nh5 12. Rc1 Nf4 13. Ne1 Bd7 14. Nd3 Nxe2+ 15.
Qxe2 f5 16. f4 fxe4 17. Nxe4 Nf5 18. fxe5 dxe5 19. Nec5 b6 20. Bg5 Qxg5 21.
Nxd7 e4 22. N3e5 Rfe8 23. Qxe4 Rxe5 24. Nxe5 Re8 25. Nf3 Qd8 26. Qb1 Qd6 27.
Rfe1 Rf8 28. Re6 Qf4 29. Re4 Qd6 30. Re6 Qf4 31. Rce1 Qxc4 32. Qe4 Nd4 33. Re8
Nxf3+ 34. gxf3 Qc3 35. Kg2 Qd2+ 36. Re2 Qg5+ 37. Kf2 Qh5 38. Qe6+ Kh8 39. Rxf8+
Bxf8 40. Qf6+ Kg8 41. Qe6+ Kh8 42. h3 Qh4+ 43. Kg2 Qxb4 44. Qf6+ Kg8 45. Qe6+
Kg7 46. Qe5+ Kh6 47. Qxc7 Bd6 48. Qc1+ Bf4 49. Qe1 Qxe1 50. Rxe1 Kg7 51. Re6 b5
52. Rxa6 bxa4 53. Rxa4 g5 54. Re4 Kf6 55. h4 h6 56. hxg5+ hxg5 57. Kh3 Kf5 58.
Rxf4+ gxf4 59. Kh4 Ke5 60. Kg5 Kxd5 61. Kxf4 Ke6 62. Kg5 Kf7 63. Kf5 Ke7 64.
Kg6 Kf8 65. f4 Ke7 66. f5 Kf8 67. Kf6 1-0

[Event "July TNT"]
[Site "Winnipeg CAN"]
[Date "2002.07.23"]
[Round "4"]
[White "Lange, John"]
[Black "Anderson, George"]
[Result "0-1"]
[WhiteElo "1387"]
[BlackElo "1429"]
[PlyCount "67"]
[EventDate "2002.07.02"]
[EventType "swiss"]
[EventRounds "4"]
[EventCountry "CAN"]

1. e4 c6 2. Nf3 d5 3. e5 Bf5 4. d4 e6 5. Bd3 Bxd3 6. Qxd3 h6 7. O-O Ne7 8. Nc3
Nf5 9. Ne2 c5 10. dxc5 Bxc5 11. b4 Be7 12. Bb2 O-O 13. b5 Nd7 14. a4 a6 15. c4
dxc4 16. Qxc4 Nb6 17. Qe4 Nd5 18. Rfd1 Qb6 19. Rxd5 exd5 20. Qxf5 axb5 21. Bd4
Bc5 22. Bxc5 Qxc5 23. a5 b4 24. e6 Rxa5 25. Rc1 Qe7 26. Nf4 fxe6 27. Qxe6+ Qxe6
28. Nxe6 Rfa8 29. h3 b3 30. Rc7 Ra1+ 31. Kh2 b2 32. Ne5 Rf8 33. Rxg7+ Kh8 34.
Ng6# 0-1

[Event "July TNT"]
[Site "Winnipeg CAN"]
[Date "2002.07.23"]
[Round "4"]
[White "Milord, Frank"]
[Black "Gibbons, Lorne"]
[Result "1-0"]
[WhiteElo "1683"]
[BlackElo "1215"]
[PlyCount "63"]
[EventDate "2002.07.02"]
[EventType "swiss"]
[EventRounds "4"]
[EventCountry "CAN"]

1. d4 d5 2. c4 c6 3. Nf3 Bf5 4. Nc3 dxc4 5. a4 Qa5 6. Bd2 e6 7. e4 Bg4 8. Bxc4
Qb6 9. Bc1 Bxf3 10. gxf3 Bb4 11. O-O Ne7 12. Bg5 Bxc3 13. bxc3 f6 14. Be3 Na6
15. Bxe6 Rd8 16. Rb1 Qa5 17. Qb3 b6 18. Bf7+ Kf8 19. Rfd1 Nc7 20. Bf4 Ne8 21.
Rd2 Nd6 22. Bxd6 Rxd6 23. Rbd1 f5 24. e5 Rd8 25. Be6 g6 26. d5 c5 27. f4 Qa6
28. d6 Nc6 29. Bc4 Na5 30. Qb5 Qxb5 31. Bxb5 h6 32. e6 1-0

[Event "July TNT"]
[Site "Winnipeg CAN"]
[Date "2002.07.23"]
[Round "4"]
[White "Nikouline, Alexandre"]
[Black "Mu, Yuchen"]
[Result "0-1"]
[WhiteElo "2112"]
[BlackElo "1847"]
[PlyCount "58"]
[EventDate "2002.07.02"]
[EventType "swiss"]
[EventRounds "4"]
[EventCountry "CAN"]

1. e4 c5 2. Nf3 d6 3. d4 cxd4 4. Nxd4 Nf6 5. Nc3 g6 6. Be3 Bg7 7. f3 O-O 8. Qd2
Nc6 9. Bc4 Bd7 10. h4 Rc8 11. Bb3 Qa5 12. O-O-O Ne5 13. g4 Nc4 14. Bxc4 Rxc4
15. Nb3 Qa6 16. h5 Rfc8 17. hxg6 hxg6 18. e5 Nxg4 19. fxg4 Bxg4 20. Qh2 Bxe5
21. Qh7+ Kf8 22. Bd4 Rxd4 23. Rxd4 Bf5 24. Rd5 Rxc3 25. bxc3 Qxa2 26. Qh6+ Ke8
27. Qd2 Bf4 28. Rh8+ Kd7 29. Rh2 Qxc2# 0-1

[Event "July TNT"]
[Site "Winnipeg CAN"]
[Date "2002.07.23"]
[Round "4"]
[White "Rutter, Blair"]
[Black "Tetrault, Claude"]
[Result "1-0"]
[WhiteElo "1604"]
[BlackElo "1584"]
[PlyCount "109"]
[EventDate "2002.07.02"]
[EventType "swiss"]
[EventRounds "4"]
[EventCountry "CAN"]

1. d4 d5 2. e3 e6 3. Nf3 Nf6 4. c4 c5 5. Be2 Nc6 6. O-O Bd7 7. Nc3 cxd4 8. cxd5
dxc3 9. dxc6 Bxc6 10. bxc3 Be7 11. Qb3 O-O 12. Bb2 Qc7 13. Rfd1 Rfd8 14. c4
Rac8 15. Rac1 h6 16. Bd4 Qa5 17. Bc3 Qc7 18. Bb2 Qa5 19. Bc3 Qc7 20. Qb2 Ba4
21. Be5 Qc6 22. Rd4 Rxd4 23. Bxd4 Qc7 24. Ne5 b6 25. Ng4 Qd8 26. Rc3 Nxg4 27.
Bxg4 Bf6 28. Rc1 Bxd4 29. exd4 Qf6 30. Qb4 Bb5 31. Qxb5 Qxd4 32. Bf3 Qd2 33.
Qb1 Qd4 34. Be2 Qd2 35. Kf1 Qd6 36. g3 Qc6 37. f3 Qc5 38. Qe4 Rd8 39. Rc2 a5
40. Rb2 Qh5 41. Kg2 Qg5 42. Qc2 Qc5 43. Rb3 g6 44. Qb2 Rd6 45. Qc1 Kg7 46. Qf4
f6 47. h4 e5 48. Qe4 f5 49. Qc2 Rd4 50. Qb2 Rd6 51. f4 Qc6+ 52. Bf3 Qd7 53.
Qxe5+ Kf7 54. Bd5+ Kf8 55. Re3 1-0

[Event "July TNT"]
[Site "Winnipeg CAN"]
[Date "2002.07.23"]
[Round "4"]
[White "Semenko, Rita"]
[Black "Hogeveen Rutter, Alexander"]
[Result "0-1"]
[WhiteElo "1191"]
[BlackElo "1416"]
[PlyCount "40"]
[EventDate "2002.07.02"]
[EventType "swiss"]
[EventRounds "4"]
[EventCountry "CAN"]

1. e4 c5 2. Nf3 d6 3. Nc3 Nc6 4. Bb5 Bd7 5. d4 cxd4 6. Nxd4 Nf6 7. O-O g6 8.
Bxc6 bxc6 9. Nf3 Bg7 10. e5 dxe5 11. Nxe5 O-O 12. Bg5 Bf5 13. Qf3 Qd6 14. Nxc6
Bg4 15. Nxe7+ Kh8 16. Qb7 Rfb8 17. Nb5 Qxh2+ 18. Kxh2 Rxb7 19. c4 Be6 20. b3
Rxe7 0-1

[Event "July TNT"]
[Site "Winnipeg CAN"]
[Date "2002.07.23"]
[Round "4"]
[White "Shome, Devarshi"]
[Black "Ford, Dana"]
[Result "1-0"]
[WhiteElo "1534"]
[BlackElo "1235"]
[PlyCount "35"]
[EventDate "2002.07.02"]
[EventType "swiss"]
[EventRounds "4"]
[EventCountry "CAN"]

1. e4 e5 2. f4 exf4 3. Nf3 d6 4. Bc4 Bg4 5. O-O h6 6. d4 Be7 7. g3 Nc6 8. Nc3
Nf6 9. Bxf4 O-O 10. Qd2 Nh5 11. Bxh6 gxh6 12. Qxh6 Be6 13. Bxe6 fxe6 14. Qxe6+
Rf7 15. Nh4 Qe8 16. Nf5 Bf8 17. Qg6+ Ng7 18. Nh6+ 1-0

[Event "July TNT"]
[Site "Winnipeg CAN"]
[Date "2002.07.23"]
[Round "4"]
[White "Vincent, Trevor"]
[Black "Trueman, Francis"]
[Result "1-0"]
[WhiteElo "1848"]
[BlackElo "1491"]
[PlyCount "61"]
[EventDate "2002.07.02"]
[EventType "swiss"]
[EventRounds "4"]
[EventCountry "CAN"]

1. c4 e5 2. g3 Nf6 3. Bg2 d6 4. Nf3 g6 5. O-O Bg7 6. d3 O-O 7. Nc3 Nbd7 8. Bg5
c6 9. Qd2 Re8 10. Rad1 Nf8 11. h3 h5 12. Bh6 Bh8 13. e4 Bd7 14. Be3 Qc8 15. Kh2
c5 16. Nh4 Ne6 17. f4 exf4 18. gxf4 Nh7 19. Nd5 Qd8 20. Qf2 Nf6 21. f5 Nxd5 22.
cxd5 Ng5 23. fxg6 Rf8 24. Qg3 Be5 25. Bf4 Bxf4 26. Rxf4 f6 27. Nf5 Bxf5 28.
Rxf5 Qe8 29. h4 Kg7 30. hxg5 h4 31. Qxh4 1-0

[Event "July TNT"]
[Site "Winnipeg CAN"]
[Date "2002.07.23"]
[Round "4"]
[White "Wasney, Mark"]
[Black "Schulz, Waldemar"]
[Result "1/2-1/2"]
[WhiteElo "1785"]
[BlackElo "2086"]
[PlyCount "172"]
[EventDate "2002.07.02"]
[EventType "swiss"]
[EventRounds "4"]
[EventCountry "CAN"]

1. e4 g6 2. f4 Bg7 3. Nf3 c5 4. Bc4 Nc6 5. O-O e6 6. Re1 Nge7 7. Nc3 O-O 8. e5
d5 9. exd6 Nf5 10. Ne5 Qxd6 11. Nb5 Qd8 12. c3 Nxe5 13. fxe5 a6 14. Na3 b5 15.
Be2 Bb7 16. Bf3 Qc7 17. Bxb7 Qxb7 18. Qe2 Rad8 19. d3 Rd5 20. Bf4 Rfd8 21. Rad1
Qe7 22. h3 Qh4 23. Qf3 Rxd3 24. Rxd3 Rxd3 25. Qxd3 Qxe1+ 26. Qf1 Qxf1+ 27. Kxf1
Ne7 28. Ke2 Nc6 29. Be3 c4 30. Bb6 Bxe5 31. Ke3 f5 32. Nc2 Kf7 33. Bc5 Bh2 34.
Kf2 Bc7 35. Ke3 e5 36. Ne1 Ne7 37. Nf3 Nd5+ 38. Kf2 Kf6 39. Kf1 Nf4 40. Be3 Nd3
41. Bg5+ Kg7 42. b3 h6 43. Bd2 cxb3 44. axb3 Nc5 45. b4 Ne4 46. Be1 Kf6 47. Ke2
a5 48. Kd3 Nd6 49. Ke2 Nc4 50. Bf2 axb4 51. cxb4 Bb6 52. Be1 Bc7 53. Bc3 Nb6
54. Bd2 g5 55. Ne1 Nd5 56. Nc2 Bd6 57. Kf2 Nf4 58. Ne1 Ke6 59. Nc2 Bc7 60. Kf1
Bd6 61. Kf2 Nd5 62. Ke2 Be7 63. Kf2 f4 64. Kf1 Kf5 65. Ke2 Ke4 66. Be1 h5 67.
Na3 Bxb4 68. Bxb4 Nxb4 69. Nxb5 Kf5 70. Nd6+ Ke6 71. Ne4 g4 72. Ng5+ Kf5 73.
Nf7 Nd5 74. Nd6+ Ke6 75. Ne4 Nf6 76. Ng5+ Kf5 77. Nf7 gxh3 78. gxh3 e4 79. Nd6+
Kg5 80. Kf2 Kh4 81. Kg2 e3 82. Nf5+ Kg5 83. Nd4 Ne4 84. Nf3+ Kf5 85. Nh4+ Kf6
86. Nf3 Ng3 1/2-1/2

[Event "June TNT"]
[Site "Winnipeg CAN"]
[Date "2002.06.04"]
[Round "1.1"]
[White "Milord, Frank"]
[Black "Nikouline, Alexandre"]
[Result "0-1"]
[WhiteElo "1680"]
[BlackElo "2137"]
[PlyCount "48"]
[EventDate "2002.06.04"]
[EventType "swiss"]
[EventRounds "4"]
[EventCountry "CAN"]

1. e4 e5 2. Nf3 Nc6 3. Bb5 a6 4. Ba4 b5 5. Bb3 Nf6 6. O-O Nxe4 7. d4 d5 8. dxe5
Be6 9. c3 Bc5 10. Bc2 O-O 11. Nbd2 Nxf2 12. Rxf2 f6 13. exf6 Bxf2+ 14. Kxf2
Qxf6 15. Nf1 Bg4 16. Be3 Ne5 17. N1d2 Bxf3 18. Nxf3 Ng4+ 19. Ke2 Rae8 20. Qxd5+
Kh8 21. Qh5 Rxe3+ 22. Kd2 Rd8+ 23. Kc1 Qh6 24. Qg5 Qxg5 0-1

[Event "June TNT"]
[Site "Winnipeg CAN"]
[Date "2002.06.04"]
[Round "1.2"]
[White "Graham, Ken"]
[Black "Anderson, George"]
[Result "1-0"]
[WhiteElo "1955"]
[BlackElo "1542"]
[PlyCount "53"]
[EventDate "2002.06.04"]
[EventType "swiss"]
[EventRounds "4"]
[EventCountry "CAN"]

1. e4 a5 2. d4 e6 3. Nf3 Nc6 4. c4 d5 5. e5 Be7 6. Nc3 h6 7. Be3 Bg5 8. Nxg5
hxg5 9. Qd2 f6 10. Bd3 Nce7 11. Qc2 dxc4 12. Bxc4 Nh6 13. O-O-O c6 14. exf6
gxf6 15. Ne4 Nef5 16. Nc5 Ng4 17. Nxe6 Nfxe3 18. Qg6+ Ke7 19. Nxd8 Nxc4 20.
Qg7+ Kxd8 21. Qxh8+ Kc7 22. Qh7+ Kb6 23. Qc2 Be6 24. h3 Nh6 25. Rhe1 Bd5 26. b3
Na3 27. Qc5+ 1-0

[Event "June TNT"]
[Site "Winnipeg CAN"]
[Date "2002.06.04"]
[Round "1.3"]
[White "Weijs, Harry"]
[Black "Czypinski, Jaroslaw"]
[Result "0-1"]
[WhiteElo "1495"]
[BlackElo "1933"]
[PlyCount "34"]
[EventDate "2002.06.04"]
[EventType "swiss"]
[EventRounds "4"]
[EventCountry "CAN"]

1. d4 e6 2. Nf3 d5 3. Bg5 Be7 4. h4 Nf6 5. e3 c5 6. c3 cxd4 7. cxd4 Nc6 8. Bb5
Bd7 9. Nc3 Rc8 10. a3 O-O 11. Rc1 h6 12. Bxf6 Bxf6 13. b4 Ne7 14. Bd3 Nc6 15.
Ng5 Bxg5 16. hxg5 Qxg5 17. Qf3 Nxd4 0-1

[Event "June TNT"]
[Site "Winnipeg CAN"]
[Date "2002.06.04"]
[Round "1.4"]
[White "Van Wyk, Joseph"]
[Black "Shome, Devarshi"]
[Result "1-0"]
[WhiteElo "1770"]
[BlackElo "1434"]
[PlyCount "73"]
[EventDate "2002.06.04"]
[EventType "swiss"]
[EventRounds "4"]
[EventCountry "CAN"]

1. e4 e6 2. d4 d5 3. exd5 exd5 4. c4 Nf6 5. Nc3 Bb4 6. Bd2 O-O 7. Qb3 Bxc3 8.
Bxc3 Nc6 9. Nf3 Re8+ 10. Be2 dxc4 11. Qxc4 Be6 12. Qb5 Qd7 13. O-O a6 14. Qd3
Bf5 15. Qd1 Ne4 16. Bd3 Nxc3 17. Bxf5 Qxf5 18. bxc3 Rad8 19. Rb1 b5 20. a4 Rd5
21. Re1 Red8 22. Qe2 g6 23. axb5 axb5 24. Qe4 Qxe4 25. Rxe4 Kf8 26. Rh4 h5 27.
Kf1 Na5 28. Ne5 Kg7 29. Ra1 f6 30. Nd3 Nc4 31. Ra7 Rc8 32. Nc5 Kh6 33. Ke2 f5
34. Rh3 b4 35. Kd3 Nb2+ 36. Kc2 bxc3 37. Rxc3 1-0